Countries That End in S - Statistics

General Stats
  • This quiz has been taken 33 times
  • The average score is 13 of 17
Answer Stats
Countries % Correct
Marshall Islands
93%
Solomon Islands
90%
Laos
86%
Bahamas
83%
Saint Kitts and Nevis
83%
Comoros
79%
Saint Vincent and the Grenadines
79%
Seychelles
79%
Barbados
76%
Mauritius
76%
Honduras
69%
Philippines
69%
Belarus
66%
Maldives
66%
United Arab Emirates
66%
Netherlands
62%
Cyprus
48%
No matching quizzes found
Score Distribution
Percent of People with Each Score
Percentile by Number Answered
Your Score History
You have not taken this quiz